01184 2200361 4500001002100000005001500021035002000036007000300056040001700059100003100076245014300107250001200250300003500262020002200297041000800319082001400327084002000341090002600361264003200387336002100419337003000440338002300470500004800493650001400541700004700555700004300602700004300645700004100688850001000729008004100739990002100780990002100801INLIS00000000000768520260601085249 a0010-0922000174ta aSBPUPADbInd0 aWilliam SievertePengarang1 aSegala Sesuatu Tentang Hepatitis /cWilliam Sievert, Melvyn G. Korman, Terry Bolin; Alih Bahasa, Liliana Wijaya; Editor, Surya Satyanegara a.-cet.1 ax,94 hlm :billus, ;c14x21 cm a978-979-431-473-907aInd a616.362.3 a616.362.3 WIL s a616.362.3 WIL s L18-1 a.--Jakarta; :bArcan,c2010 2rdacontentateks 2rdamediaatanpa perantara 2rdacarrieravolume aTentang penulis, hlm v; Glosariu, hlm 79-94 4aKesehatan0 aPengarang Ke-2, Melvyn G.KormanePengarang0 aPengarang Ke-3, Terry BolinePengarang0 aAlih Bahasa, Liliana WijayaePengarang0 aEditor, Surya SatyanegaraePengarang aPUPAD260601 0  a776/Br/KAPD/2011 a777/Br/KAPD/2011